The physical world of the greeks
Saved in:
| 主要作者: | |
|---|---|
| 格式: | 圖書 |
| 語言: | 英语 |
| 出版: |
Londres
Routledge and Kegan Paul
1956
|
| 叢編: | Routledge Paperbacks,
37 |
| 主題: | |
| 標簽: |
添加標簽
沒有標簽, 成為第一個標記此記錄!
|
MARC
| LEADER | 00000nam a2200000 a 4500 | ||
|---|---|---|---|
| 001 | UCZ2765 | ||
| 003 | CL-VaPUC | ||
| 005 | 20241127085253.0 | ||
| 008 | 951006e19560000UK |||||||||||||||||eng|d | ||
| 999 | |c 239320 |d 239318 | ||
| 040 | |c Pontificia Universidad Católica de Valparaíso | ||
| 082 | 0 | 4 | |a 530.09 SAM 1956 |2 21 |
| 100 | 0 | |a Sambursky, Samuel |e author |9 346518 | |
| 245 | 1 | 4 | |a The physical world of the greeks |
| 260 | |a Londres |b Routledge and Kegan Paul |c 1956 | ||
| 300 | |a 255 páginas | ||
| 490 | 0 | |a Routledge Paperbacks, |v 37 | |
| 583 | |a last modification |c 19951006 00:00:00 |k Rodrigo Vera | ||
| 600 | 0 | |a Aristóteles, |d 384 a.C.- 322 a.C. |9 194 | |
| 650 | 0 | |a Filosofía de las ciencias |9 256466 | |
| 650 | 0 | |a Física |9 227844 | |
| 650 | 0 | |a Filosofía de la naturaleza |9 265899 | |
| 651 | 0 | |a Grecia |9 265314 | |
| 942 | |c BK |2 ddc | ||
| 945 | |d 19951006 00:00:00 |a lriquelm | ||
| 952 | |0 0 |1 0 |4 0 |6 530_090000000000000_SAM_1956 |7 0 |8 P |9 250379 |a BIBEDU |b BIBEDU |c BIBEDU_PB |d 2019-11-18 |i 1581694 |o 530.09 SAM 1956 |p 1581694 |r 2024-09-03 |w 2019-11-18 |y BK |k FIL | ||
| 952 | |0 0 |1 0 |4 0 |6 530_090000000000000_SAM_1956 |7 0 |8 P |9 250380 |a BIBEDU |b BIBEDU |c BIBEDU_PB |d 2019-11-18 |i 1581708 |o 530.09 SAM 1956 |p 1581708 |r 2024-01-25 |w 2019-11-18 |y BK |k FIL | ||